000 00978cam a22002171a 4500
005 20160115104738.0
008 760823m19709999ck ab b 000 0 spa
040 _aDLC
_cIEN
_dDLC
_dCO-BoIAVH
041 _aspa
044 _ack
082 _a581.980
_bP29p5
100 1 _aPatiño Rodríguez, Víctor Manuel
_d1912-2001
245 1 0 _aPlantas cultivadas y animales domésticos en América equinoccial:
_bTomo V Animales domésticos introducidos
250 _aPrimera edición
260 _aCali,
_bImprenta Departamental,
_c1970.
300 _avolúmenes
_bilustraciones, mapas.
_c25 centímetros.
504 _aIncluye referencias bibliográficas
505 0 _at1. Frutales .-- t2. Plantas Alimenticias .-- t3. Fibras, Medicinas, Misceláneas .-- t4. Plantas introducidas .-- t5. animales domésticos introducidos .-- t6. (Suplemento a los tomos 3 y 4: Plantas ornamentales).
650 2 0 _aAnimales domésticos
_zAmérica Latina
_xHistoria.
942 _2ddc
_cLIBRO
999 _c17981
_d17981